| 000 | 00896aam a2200361 4500 | ||
|---|---|---|---|
| 005 | 20251121181329.0 | ||
| 008 | 150421b2014 xxu||||| |||| 00| 0 spa d | ||
| 020 | _a978607322570 | ||
| 041 | _aESP | ||
| 082 | _a519.5 L665e6 | ||
| 100 | _aLevine, David M. | ||
| 100 | _aKrehbiel, Timothy C. | ||
| 100 | _aBerenson, Mark L. | ||
| 245 | _aEstadística para administración | ||
| 250 | _a6 edición | ||
| 260 | _aMéxico | ||
| 260 | _bPearson Educación | ||
| 260 | _c2014 | ||
| 300 | _a624 páginas | ||
| 490 | _aDirección y Administración de Empresas | ||
| 490 | _aGestión de Calidad | ||
| 650 | _aESTADÍSTICA | ||
| 650 | _aRECOLECCIÓN DE DATOS | ||
| 650 | _aTABLAS | ||
| 650 | _aGRAFICOS | ||
| 650 | _aPROBABILIDADES | ||
| 650 | _a MUESTRAS | ||
| 650 | _aHIPOTESIS | ||
| 650 | _aREGRESIÓN MULTIPLE | ||
| 942 |
_cBK _2ddc |
||
| 999 |
_c10494 _d10494 |
||